| 000 | 00567nam a2200181 i 4500 | ||
|---|---|---|---|
| 001 | 20532 | ||
| 003 | ES-MaACL | ||
| 005 | 20230906152324.0 | ||
| 007 | t| | ||
| 008 | 021114s1978 sp ||||1| spa d | ||
| 100 | 1 |
_aAcebal Idigoras, Arturo, _d1912-1978 _918210 |
|
| 245 | 1 | 0 |
_aBanco de Bilbao _b: Bilbao, noviembre-diciembre 1978 / _cA. Acebal Idígoras. |
| 260 |
_aBilbao : _bBanco de Bilbao, _c[1978] |
||
| 300 |
_a40 p., 13 lám. : _bil. ; _c26 cm. |
||
| 852 |
_aES-MaACL _j2118-F-25 _bR.101711 |
||
| 852 |
_aES-MaACL _jL-886 _bR.101784 |
||
| 999 |
_c20532 _d20532 |
||